GLOBALIZATION AND CHALLENGES FOR DEVELOPMENT IN TANZANIA. (Record no. 3853)

MARC details
000 -LEADER
fixed length control field 00344nam a22001097a 4500
008 - FIXED-LENGTH DATA ELEMENTS--GENERAL INFORMATION
fixed length control field 151102b xxu||||| |||| 00| 0 eng d
020 ## - INTERNATIONAL STANDARD BOOK NUMBER
International Standard Book Number 9976604556
082 ## -
Classification number 338 GLO
100 ## - MAIN ENTRY--PERSONAL NAME
Personal name MSAMBICHAKA LUCIAN A,(ED)
245 ## - TITLE STATEMENT
Title GLOBALIZATION AND CHALLENGES FOR DEVELOPMENT IN TANZANIA.
260 ## - PUBLICATION, DISTRIBUTION, ETC. (IMPRINT)
Place of publication, distribution, etc. DAR ES SALAAM;
Name of publisher, distributor, etc. DAR ES SALAAM UNIVERSITY PRESS,
Date of publication, distribution, etc. 2006.
Holdings
Withdrawn status Lost status Source of classification or shelving scheme Damaged status Koha normalized classification for sorting Not for loan Home library Current library Shelving location Date acquired Total Checkouts Full call number Barcode Date last seen Price effective from Koha item type
    Dewey Decimal Classification   338_000000000000000_GLO   Dodoma Dodoma Reference 02/11/2015   338 GLO 000000012207 29/07/2019 02/11/2015 BOOKS

IRDP © 2021 :: Managed by ICT Team